[Event "GER-ch U18"]
[Site "Willingen"]
[Date "2022.06.05"]
[Round "2"]
[White "Mankel, Luca"]
[Black "Colbow, Collin"]
[Result "0-1"]
[WhiteElo "2010"]
[BlackElo "2345"]
[PlyCount "106"]
[EventDate "2022.06.04"]
[EventType "swiss"]
[EventRounds "9"]
[EventCountry "GER"]
[SourceTitle "CBM 208 Extra"]
[Source "ChessBase"]
[SourceDate "2022.07.31"]
[SourceVersion "1"]
[SourceVersionDate "2022.07.31"]
[SourceQuality "1"]

1. d4 Nf6 2. c4 e6 3. Nf3 Bb4+ 4. Nbd2 b6 5. a3 Bxd2+ 6. Qxd2 Bb7 7. e3 d6 8. Be2 0-0 9. 0-0 Nbd7 10. b4 Qe7 11. Bb2 Ne4 12. Qc2 f5 13. d5 exd5 14. cxd5 Ndf6 15. Nd4 Nxd5 16. Bc4 Kh8 17. Bxd5 Bxd5 18. f3 c5 19. fxe4 Bxe4 20. Nxf5 Rxf5 21. Qc3 Qg5 22. g3 Bf3 23. Rf2 Raf8 24. Raf1 Qg4 25. Qd2 Qg6 26. bxc5 bxc5 27. Qa5 h5 28. e4 R5f7 29. e5 h4 30. Qc3 hxg3 31. Rxf3 Rxf3 32. Rxf3 Rxf3 33. Qxf3 Qb1+ 34. Kg2 Qxb2+ 35. Kxg3 Qxe5+ 36. Kg4 d5 37. Qf8+ Kh7 38. Qxc5 Qe4+ 39. Kg5 Qg2+ 40. Kf5 Qe4+ 41. Kg5 Qg2+ 42. Kf5 Qxh2 43. Qxa7 Qc2+ 44. Kg5 Qg6+ 45. Kf4 Qe4+ 46. Kg5 d4 47. Qd7 d3 48. a4 Qe3+ 49. Kg4 d2 50. Qf5+ Kg8 51. Qc8+ Kf7 52. Qd7+ Kf6 53. Qd8+ Ke5 0-1

[Event "GER-ch U18"]
[Site "Willingen"]
[Date "2021.08.27"]
[Round "7"]
[White "Mankel, Luca"]
[Black "Khachatryan, Taron"]
[Result "1-0"]
[WhiteElo "1916"]
[BlackElo "2065"]
[PlyCount "189"]
[EventDate "2021.08.22"]
[EventType "swiss"]
[EventRounds "9"]
[EventCountry "GER"]
[SourceTitle "EXT 2022"]
[Source "ChessBase"]
[SourceDate "2021.10.06"]
[SourceVersion "1"]
[SourceVersionDate "2021.10.06"]
[SourceQuality "1"]

1. d4 Nf6 2. c4 e6 3. Nc3 Bb4 4. Qc2 d5 5. a3 Bxc3+ 6. Qxc3 dxc4 7. e3 a6 8. Bxc4 Nbd7 9. b4 Nb6 10. Bd3 Bd7 11. Nf3 0-0 12. Ne5 Bb5 13. 0-0 Nfd7 14. Nf3 f6 15. Rd1 Bxd3 16. Qxd3 Qe8 17. Bb2 Qg6 18. Qxg6 hxg6 19. Rac1 c6 20. e4 a5 21. bxa5 Rxa5 22. Bc3 Ra6 23. Bb4 Rfa8 24. Ne1 e5 25. dxe5 Nxe5 26. Rd4 g5 27. Nd3 Nbd7 28. Bd6 Nf7 29. Bc7 Nf8 30. Nc5 Rxa3 31. f3 b5 32. Rdd1 Ra2 33. Nd3 Re2 34. Nb4 Ra4 35. Kf1 Rb2 36. Nd3 Rba2 37. Rxc6 g4 38. Rb1 gxf3 39. gxf3 Ng5 40. Ne1 Ra1 41. Rcc1 Rxb1 42. Rxb1 Nfe6 43. Bb6 Ra2 44. h4 Nh3 45. Ng2 Nf8 46. Be3 Ng6 47. f4 Nf8 48. Rxb5 Ra1+ 49. Ke2 Ng1+ 50. Kf2 Nh3+ 51. Kg3 Ng1 52. Rb2 Rf1 53. Rf2 Rxf2 54. Kxf2 Nh3+ 55. Kg3 Nxf4 56. Nxf4 Kf7 57. Kg4 Nd7 58. Bd4 Nb8 59. h5 Nc6 60. Bc3 Ne7 61. Nd5 Nc8 62. Bb4 Na7 63. Kf5 Nc6 64. Bc3 Na7 65. h6 gxh6 66. Bxf6 Nc6 67. Ne3 h5 68. Nc4 Nb4 69. Nd6+ Kf8 70. Kg6 Na6 71. Kxh5 Nc5 72. Kg6 Nxe4 73. Nxe4 Ke8 74. Nc5 Kf8 75. Nd3 Ke8 76. Ne5 Kf8 77. Kf5 Ke8 78. Bg5 Kf8 79. Kf6 Ke8 80. Ke6 Kf8 81. Bh6+ Ke8 82. Bg5 Kf8 83. Nc6 Kg7 84. Ne7 Kf8 85. Bh6+ Ke8 86. Bg7 Kd8 87. Be5 Ke8 88. Bc7 Kf8 89. Nf5 Ke8 90. Ng7+ Kf8 91. Kf6 Kg8 92. Kg6 Kf8 93. Bd6+ Kg8 94. Nf5 Kh8 95. Be7 1-0

[Event "GER-ch U18"]
[Site "Willingen"]
[Date "2021.08.23"]
[Round "1"]
[White "Mankel, Luca"]
[Black "Dahl, Christoph"]
[Result "0-1"]
[WhiteElo "1916"]
[BlackElo "2284"]
[PlyCount "64"]
[EventDate "2021.08.22"]
[EventType "swiss"]
[EventRounds "9"]
[EventCountry "GER"]
[SourceTitle "EXT 2022"]
[Source "ChessBase"]
[SourceDate "2021.10.06"]
[SourceVersion "1"]
[SourceVersionDate "2021.10.06"]
[SourceQuality "1"]

1. d4 Nf6 2. c4 e6 3. Nf3 d5 4. cxd5 exd5 5. Nc3 Bb4 6. Qa4+ Nc6 7. Bg5 h6 8. Bxf6 Qxf6 9. e3 0-0 10. Bb5 Bg4 11. Nd2 Bxc3 12. bxc3 Ne7 13. 0-0 Qg6 14. Rfc1 Nc8 15. Bf1 Nd6 16. Qa5 c6 17. c4 dxc4 18. Nxc4 Nxc4 19. Rxc4 Bf3 20. Rb4 b6 21. Qe5 Bd5 22. a4 Qc2 23. Rbb1 Rfe8 24. Qg3 Re6 25. Rc1 Qf5 26. a5 b5 27. Rc5 Rae8 28. Rac1 b4 29. R1c2 Rg6 30. Qf4 Qxf4 31. exf4 Bxg2 32. Bxg2 Re1# 0-1

[Event "GER-chT U16"]
[Site "Willingen"]
[Date "2021.06.26"]
[Round "5.3"]
[White "Kotyk, Michael"]
[Black "Mankel, Luca"]
[Result "1/2-1/2"]
[WhiteElo "1960"]
[BlackElo "1917"]
[PlyCount "65"]
[EventDate "2021.06.23"]
[EventType "team-swiss"]
[EventRounds "7"]
[EventCountry "GER"]
[SourceTitle "CBM 203 Extra"]
[Source "ChessBase"]
[SourceDate "2021.09.30"]
[SourceVersion "1"]
[SourceVersionDate "2021.09.30"]
[SourceQuality "1"]
[WhiteTeam "Hamburger SK"]
[BlackTeam "Berlin Empor"]
[WhiteTeamCountry "GER"]
[BlackTeamCountry "GER"]

1. d4 d5 2. c4 e6 3. Nc3 c6 4. e3 f5 5. g4 Nf6 6. g5 Ne4 7. Nxe4 fxe4 8. h4 Bd6 9. Nh3 0-0 10. Bd2 Na6 11. Bc3 Rb8 12. Qh5 Qe8 13. Qxe8 Rxe8 14. Be2 b6 15. 0-0-0 Nb4 16. Bxb4 Bxb4 17. f3 exf3 18. Bxf3 Ba6 19. a3 Bd6 20. cxd5 exd5 21. Kd2 Re7 22. Rc1 Bb5 23. Rce1 Rf8 24. Be2 Bg3 25. Bxb5 Bxe1+ 26. Rxe1 cxb5 27. Nf4 Rd8 28. Rc1 Kf7 29. Rc6 Rdd7 30. Rc8 Re8 31. Rc6 Ree7 32. Rc8 Re8 33. Rc6 1/2-1/2

[Event "GER-chT U16"]
[Site "Willingen"]
[Date "2021.06.24"]
[Round "1.4"]
[White "Rempe, Jonas"]
[Black "Mankel, Luca"]
[Result "0-1"]
[WhiteElo "1957"]
[BlackElo "1917"]
[PlyCount "115"]
[EventDate "2021.06.23"]
[EventType "team-swiss"]
[EventRounds "7"]
[EventCountry "GER"]
[SourceTitle "CBM 203 Extra"]
[Source "ChessBase"]
[SourceDate "2021.09.30"]
[SourceVersion "1"]
[SourceVersionDate "2021.09.30"]
[SourceQuality "1"]
[WhiteTeam "Kiel Doppelbauer"]
[BlackTeam "Berlin Empor"]
[WhiteTeamCountry "GER"]
[BlackTeamCountry "GER"]

1. e4 c5 2. Nf3 Nf6 3. Nc3 d5 4. exd5 Nxd5 5. Nxd5 Qxd5 6. Be2 Nc6 7. 0-0 g6 8. b3 Bg7 9. c3 0-0 10. Bb2 Bf5 11. c4 Qd6 12. Qc1 Rad8 13. Bxg7 Kxg7 14. Qc3+ Nd4 15. Nxd4 Qxd4 16. Bf3 b6 17. Bd5 Qxc3 18. dxc3 e6 19. Bf3 Rd2 20. Rfd1 Rfd8 21. Kf1 R8d3 22. g4 Rb2 23. Be2 Rxd1+ 24. Rxd1 Bc2 25. Rd7 Rxa2 26. b4 cxb4 27. cxb4 Rb2 28. Rxa7 Rxb4 29. f3 g5 30. Rb7 Kf6 31. Kf2 Bg6 32. Rc7 Ke5 33. c5 b5 34. Rd7 f6 35. Rd8 Rb2 36. c6 Rc2 37. c7 Rxc7 38. Bxb5 Kf4 39. Rd4+ Ke5 40. Rd8 Rb7 41. Be8 Bxe8 42. Rxe8 h5 43. h3 h4 44. Ra8 Rb2+ 45. Ke3 Rh2 46. Ra5+ Kd6 47. Ra6+ Ke7 48. Ra7+ Kf8 49. Ra8+ Kf7 50. Ra7+ Kg6 51. Re7 e5 52. Re8 Rxh3 53. Rg8+ Kh7 54. Re8 Rh2 55. Re7+ Kg6 56. Re8 Ra2 57. Rg8+ Kh7 58. Re8 0-1

[Event "Berlin Cup"]
[Site "Berlin"]
[Date "2019.05.05"]
[Round "3.3"]
[White "Mankel, Luca"]
[Black "Suhre, Florian"]
[Result "1-0"]
[WhiteElo "1830"]
[BlackElo "1725"]
[PlyCount "45"]
[EventDate "2019.05.05"]
[EventType "team-k.o."]
[EventRounds "5"]
[EventCountry "GER"]
[SourceTitle "EXT 2020"]
[Source "ChessBase"]
[SourceDate "2019.10.17"]
[SourceVersion "1"]
[SourceVersionDate "2019.10.17"]
[SourceQuality "1"]
[WhiteTeam "Lichtenberg Friesen"]
[BlackTeam "Siemensstadt"]
[WhiteTeamCountry "GER"]
[BlackTeamCountry "GER"]

1. e4 c5 2. Nf3 Nc6 3. d4 cxd4 4. Nxd4 d6 5. c4 g6 6. Be2 Bg7 7. Be3 Nf6 8. Nc3 0-0 9. 0-0 h5 10. f3 Nxd4 11. Bxd4 Be6 12. Rc1 Qd7 13. f4 Bh6 14. Qd3 Qe8 15. Rcd1 Nh7 16. f5 Bd7 17. Nd5 Rc8 18. Bxa7 Bc6 19. Bd4 e5 20. Bc3 Bxd5 21. Qxd5 Rc6 22. fxg6 Bf4 23. gxh7+ 1-0